| 000 | 00970nam a22002177a 4500 | ||
|---|---|---|---|
| 005 | 20120806122543.0 | ||
| 010 | _aB-454808-809 | ||
| 020 | _c75.00 (vols.V) | ||
| 035 | _aB-454808-809 | ||
| 037 |
_adpl _bAllied Pub/Ven |
||
| 082 | _a080 | ||
| 245 | _aSelected speeches and writings of Indira Gandhi 1982-84/ | ||
| 260 |
_aNew Delhi _bPublication Division _c1986 (vols.V) |
||
| 270 |
_aSuper Bazar Connaught Circus _bNew Delhi |
||
| 300 |
_a511 p. (vols.V) _c23cm |
||
| 500 | _aindex | ||
| 942 |
_2ddc _cEN _mSEL _h080 |
||
| 999 |
_c68890 _d68890 |
||